|
|
|
|
| LEADER |
00000cam a2200000 7i4500 |
| 001 |
0000000653 |
| 005 |
20000919.0 |
| 020 |
0 |
0 |
|a 9679933431
|
| 090 |
0 |
0 |
|a 354.59507
|b WAW 1994
|
| 245 |
0 |
0 |
|a Wawasan 2020 dan perkhidmatan awam Malaysia
|
| 260 |
0 |
0 |
|a Kuala Lumpur :
|b Institut Tadbiran Awam Negara ,
|c 1994
|
| 300 |
|
|
|a x, 301 p. :
|b col. ill. ;
|c 26 cm.
|
| 500 |
0 |
0 |
|a Texts in Bahasa Malaysia and English
|
| 650 |
0 |
0 |
|a Civil service ethics
|z Malaysia
|
| 650 |
0 |
0 |
|a Civil service
|z Malaysia
|
| 650 |
0 |
0 |
|a Privatization
|z Malaysia
|
| 650 |
0 |
0 |
|a Public administration
|z Malaysia
|
| 710 |
1 |
1 |
|a Institut Tadbiran Awam Negara (INTAN)
|
| 710 |
1 |
1 |
|a Seminar Menangani Cabaran Wawasan 2020 : Ke Arah Pembentukan Paradigma Baru Perkhidmatan
|k 1994
|j Kuala Lumpur
|
| 999 |
|
|
|a 0000000192
|b Monograph
|c Open Shelf
|e Default branch
|